| 000 | 00584nam a2200229Ia 4500 | ||
|---|---|---|---|
| 003 | OSt | ||
| 005 | 20221005125923.0 | ||
| 006 | a|||||r|||| 00| 0 | ||
| 007 | ta | ||
| 008 | 221004b |||||||| |||| 00| 0 eng d | ||
| 024 | _a70152 | ||
| 037 | _cTextual | ||
| 040 |
_aCRL _cCRL _beng |
||
| 041 |
_2eng _aeng |
||
| 082 | _aY112:1:7:2:N4, H6 | ||
| 100 | _aMukerji Dhurjati Prasad | ||
| 245 | 0 | _aProblems of Indian youth | |
| 260 | _c1946 | ||
| 650 | _aSOCIOLOGY | ||
| 942 |
_hY112:1:7:2:N4, H6 _cTEXL _2cc |
||
| 999 |
_c1055514 _d1055514 |
||